02896cam a2200313 i 450000100090000000300050000900500170001400800410003101000170007202000310008903500130012004000340013304200080016705000210017508200400019610000310023624501310026726400560039830000280045433600260048233700280050833800270053650400510056350505630061452011010117765000650227865000810234377601580242423352944CSPC20260209140843.0231017s2024 nyu b 001 0 eng  a 2023043988 a9781032366319q(paperback) a23352944 aDLCbengerdacDLCdDLCdCSPC apcc00aPN181b.S75 202400a372.623044bSt627w223/eng/202310311 aStockman, Angela,eauthor.14aThe writing teacher's guide to pedagogical documentation :brethinking how we assess learners and learning /cAngela Stockman. 1aNew York, NY ;aAbingdon, Oxon :bRoutledge,c2024. ax, 174 pages ;c26 cm. atextbtxt2rdacontent aunmediatedbn2rdamedia avolumebnc2rdacarrier aIncludes bibliographical references and index.0 aAn introduction to documentation -- What is documentation? -- What brings you here? -- How will you use this book? -- Planning your own documentation project -- Will you document a moment, a journey, or a lengthy expedition? -- How will you make thinking and learning? -- How will you interpret your data? -- How will you interpret your data? -- How will you seek diverse perspectives along the way? -- Tools and resources -- Digital documentation notebook -- Planning a documentation project -- Vision -- Documentation kaleidoscope -- Recommended resources. a"This book is a call to action for English and English Language Arts teachers who understand that data are not numbers alone, that learning is impossible to quantify, and that students are our very best teachers. Writing teacher Angela Stockman shows us how pedagogical documentation-the practice of making learning visible, capturing what is seen and heard, and then, interpreting those findings in the company of our students and our colleagues-is a humbling and humane practice that grounds what we think we've come to know in the lived experiences of those we intend to serve. In this rich resource, she offers... processes and protocols for documenting learning and analyzing data; resources and planning tools to help you design and execute your own projects; and a digital documentation notebook that you can download for guidance, inspiration, and examples. With the powerful tools in this book, you'll be inspired to reach students whose needs have been ignored by big data and whose identities have been erased by oppressive forms of assessment and evaluation"--cProvided by publisher. 0aComposition (Language arts)xStudy and teachingxEvaluation. 0aEnglish languagexComposition and exercisesxStudy and teachingxEvaluation.08iOnline version:aStockman, Angela.tWriting teacher's guide to pedagogical documentationdNew York, NY : Routledge, 2024z9781003333241w(DLC) 2023043989